| 000 | 00701nam a2200229Ia 4500 | ||
|---|---|---|---|
| 003 | OSt | ||
| 005 | 20241024152422.0 | ||
| 008 | 210716s2014 xx 000 0 und d | ||
| 020 | _a9788126550364 | ||
| 040 | _cAIMIT LIBRARY | ||
| 041 | _aeng | ||
| 082 |
_a005.1332 _21 _bSTER |
||
| 100 |
_aStephens, Rod. _9183189 |
||
| 245 |
_aC# 5.0: _bprogrammers reference / _cBy Rod Stephens. |
||
| 250 | _a1st ed. | ||
| 260 |
_aNew Delhi : _bWiley India Pvt Ltd ; _c2014. |
||
| 300 |
_axli,917p. ; _bPB _c23 cm. |
||
| 650 |
_aProgram and code file structure _9183190 |
||
| 650 |
_aProgram control statements _9183191 |
||
| 650 |
_aTracing and debugging _9183192 |
||
| 942 |
_2ddc _cBK _e1st ed. _k005.1332 STER |
||
| 999 |
_c194530 _d194530 |
||